000 00292nam a22001337a 4500
008 180223b xxu||||| |||| 00| 0 eng d
020 _a9780194341592
041 _aeng
080 _a371
100 _a25
101 _aEDU
245 _aCOOKIE MONSTER'S BLUE BOOK
_cOXFORD
942 _2udc
_cBK
999 _c43310
_d43310